| 000 | 01062nam a22003017a 4500 | ||
|---|---|---|---|
| 001 | 6663 | ||
| 003 | FISKH | ||
| 005 | 20250825134036.0 | ||
| 008 | 250519b cb ||||| |||| 00| 0 eng d | ||
| 020 | _a9780439085731 | ||
| 040 |
_aFISKH _beng _cFISKH _dFISKH |
||
| 050 | _aQC981 .B465 | ||
| 082 | _a551.5 | ||
| 100 |
_aBerger, Melvin _d(1927-) |
||
| 245 |
_aCan it rain cats and dogs? : _bQuestion & answers about weather / _cBy Melvin and Gilda Berger ; Illustrated by Robert Sullivan |
||
| 250 | _aThis edition first published in 1999 | ||
| 260 |
_aNew York : _bScholastic, _c1999 |
||
| 300 |
_a48 pages : _bcolor illustrations ; _c21 x 26 cm |
||
| 505 | _aR | ||
| 520 | _aProvides answers to such questions about the weather as "What makes the weather?", "Does air have weight?", "How big are hailstones?", and "What is El NiƱo?" | ||
| 521 | 8 |
_a670
_bLexile |
|
| 521 | 8 |
_aR
_bRaz-Plus |
|
| 650 |
_2Science _aClimate |
||
| 650 |
_2Earth science _aWeather |
||
| 700 |
_aSullivan, Robert _dillustrator |
||
| 942 |
_2ddc _cBK _n0 |
||
| 999 |
_c6663 _d6663 |
||